000 00496nam a2200181Ia 4500
005 20250508155815.0
008 008 250505s9999 xx 000 0 eng d
037 _aTextual
040 _aFEDL
_beng
_cFEDL
041 _aeng
_2eng
084 _a612, WHI
_qFEDL
100 _aWhite Margaret Moore
_9767543
245 0 _aDoctor talks to children
260 _aLondon, UK
_bCassell and Company Ltd.
_c1951
300 _a43p.
942 _cTEXL
_h612, WHI
999 _c1359374
_d1359374